000 nam a22 7a 4500
999 _c52984
_d52984
003 OSt
005 20220712120819.0
008 220712b xxu||||| |||| 00| 0 eng d
040 _cIIMT UNIVERSITY MEERUT
100 _aCHAUHAN, B.S
245 _aENGINEERING CHEMISTRY -1st
260 _bUNIVERSITY SCIENCE PRESS
300 _a636
942 _2ddc
_c09